Guidelines and computer programs for the planning and design of land drainage systems / (Record no. 11407)
[ view plain ]
| 000 -LEADER | |
|---|---|
| fixed length control field | 01717cam a22002417a 4500 |
| 020 ## - INTERNATIONAL STANDARD BOOK NUMBER | |
| ISBN | 9789251056707 (pbk.) |
| 020 ## - INTERNATIONAL STANDARD BOOK NUMBER | |
| ISBN | 9251056706 (pbk.) |
| 040 ## - CATALOGING SOURCE | |
| Transcribing agency | MNU |
| 082 00 - DEWEY DECIMAL CLASSIFICATION NUMBER | |
| Classification number | 627 FOO 2007 A037 Or. |
| 100 1# - MAIN ENTRY--AUTHOR NAME | |
| Personal name | Molen, W. H. van der. |
| 245 10 - TITLE STATEMENT | |
| Title | Guidelines and computer programs for the planning and design of land drainage systems / |
| 260 ## - PUBLICATION, DISTRIBUTION, ETC. (IMPRINT) | |
| Place of publication | Rome : |
| Name of publisher | Food and Agriculture Organization of the United Nations, |
| Year of publication | 2007. |
| 300 ## - PHYSICAL DESCRIPTION | |
| Number of Pages | xviii, 228 p. : |
| Other physical details | ill. ; |
| Dimensions | 30 cm. + |
| Accompanying material | 1 CD-ROM (4 3/4 in.) |
| 520 ## - SUMMARY, ETC. | |
| Summary, etc | The aim of this paper is to facilitate the planning and design of land drainage systems for sound land and water management for engineers and other professionals. It considers the integration of technical, socio-economic and environmental factors and the need for system users' participation in the planning, design, operation and maintenance processes. The text provides guidelines for the appropriate identification of drainage problems, for the planning and design of field drainage systems (surface and subsurface) and the main drainage and disposal systems. The annexes provide more detailed information with technical background, appropriate equations, some cross-references for finding appropriate methodologies, and computer programs for calculation of extreme values, of permeability and some land drainage system parameters. --Publisher's description. |
| 650 #0 - SUBJECT ADDED ENTRY--TOPICAL TERM | |
| Topical Term | Drainage |
| 650 #0 - SUBJECT ADDED ENTRY--TOPICAL TERM | |
| Topical Term | Drainage |
| 700 1# - ADDED ENTRY--PERSONAL NAME | |
| Personal name | Martínez Beltrán, J. |
| 700 1# - ADDED ENTRY--PERSONAL NAME | |
| Personal name | Ochs, Walter J., |
| 710 2# - ADDED ENTRY--CORPORATE NAME | |
| Corporate name or jurisdiction name as entry element | Food and Agriculture Organization of the United Nations. |
| 856 11 - ELECTRONIC LOCATION AND ACCESS | |
| Uniform Resource Identifier | ftp://ftp.fao.org/docrep/fao/010/a0975e/a0975e.pdf |
| 856 41 - ELECTRONIC LOCATION AND ACCESS | |
| Uniform Resource Identifier | http://www.loc.gov/catdir/toc/fy0802/2007456797.html |
| 942 ## - ADDED ENTRY ELEMENTS (KOHA) | |
| Koha item type | សៀវភៅភាសាអង់គ្លេស |
No items available.